Sports Quiz

Random Sports or NCAA Quiz

Longest College Basketball Winning Streaks Quiz Stats

 Plays Quiz Updated Apr 6, 2018

Score 0/25 Timer 06:00
0 Plays Today
Streak School % Correct
88UCLA Bruins
95.5%
47UCLA Bruins
95.4%
30UCLA Bruins
95.4%
41UCLA Bruins
95.4%
32Duke Blue Devils
92.2%
38Kentucky Wildcats
90.6%
37North Carolina Tar Heels
86.7%
32Kentucky Wildcats
86.2%
34Indiana Hoosiers
75.4%
33Indiana Hoosiers
75.4%
45Las Vegas Runnin' Rebels
66%
32Ohio State Buckeyes
58.6%
30Florida Gators
58.3%
Streak School % Correct
34Wichita State Shockers
57.3%
36North Carolina State Wolfpack
46.3%
60San Francisco Dons
45.8%
33Indiana State Sycamores
37.1%
37Cincinnati Bearcats
35.3%
31Houston Cougars
35.2%
39Marquette Warriors
27.3%
31Rutgers Scarlet Knights
11.1%
30Auburn Tigers
9.9%
41Seton Hall Pirates
8.6%
31Columbia Lions
4.9%
30Long Island Blackbirds
2.5%

You're not logged in!

Compare scores with friends on all Sporcle quizzes.
OR
Log In

Sporcle TV

Today on Sporcle TV


Watch our educational content, quiz creation guides, and fun videos on Sporcle TV.

Show Comments

Extras

Top Quizzes Today


Score Distribution

Your Account Isn't Verified!

In order to create a playlist on Sporcle, you need to verify the email address you used during registration. Go to your Sporcle Settings to finish the process.

Report this User

Report this user for behavior that violates our Community Guidelines.

Details: